Secondary science teachers' attitudes toward and beliefs about science reading and science textbooks (Record no. 76700)
[ view plain ]
| 000 -CABECERA | |
|---|---|
| campo de control de longitud fija | 00683nam a2200229 a 4500 |
| 005 - FECHA Y HORA DE LA ÚLTIMA TRANSACCIÓN | |
| campo de control | 20210219153431.0 |
| 008 - ELEMENTOS DE LONGITUD FIJA--INFORMACIÓN GENERAL | |
| campo de control de longitud fija | 991125n 000 0 u |
| 035 ## - NÚMERO DE CONTROL DEL SISTEMA | |
| Número de control de sistema | UPN01000099150 |
| 100 ## - ASIENTO PRINCIPAL--NOMBRE PERSONAL | |
| Nombre de persona | Yore, Larry D. |
| 222 ## - TÍTULO CLAVE | |
| Título clave | JOURNAL OF RESEARCH IN SCIENCE TEACHING |
| 245 ## - MENCIÓN DE TÍTULO | |
| Título | Secondary science teachers' attitudes toward and beliefs about science reading and science textbooks |
| 300 ## - DESCRIPCIÓN FÍSICA | |
| Extensión | 55-72 |
| 362 ## - FECHAS DE PUBLICACIÓN Y/O DESIGNACIÓN SECUENCIAL | |
| Fecha de publicación y/o designación secuencial | 28, No. 1, 1991 |
| 505 ## - NOTA DE CONTENIDO CON FORMATO PREESTABLECIDO | |
| Nota de contenido con formato | Julio 1993 |
| 653 0# - TERMINO DE INDIZACION - NO CONTROLADO | |
| Término no controlado | ACTITUD DOCENTE |
| 653 0# - TERMINO DE INDIZACION - NO CONTROLADO | |
| Término no controlado | CUESTIONARIOS |
| 653 0# - TERMINO DE INDIZACION - NO CONTROLADO | |
| Término no controlado | EDUCACION CIENTIFICA |
| 653 0# - TERMINO DE INDIZACION - NO CONTROLADO | |
| Término no controlado | LECTURA DEL AREA DEL CONTENIDO |
| 653 0# - TERMINO DE INDIZACION - NO CONTROLADO | |
| Término no controlado | LIBROS DE TEXTO |
| 904 ## - ELEMENTOS DE DATOS D LOCAL, LDD (RLIN) | |
| a | AC |
| b | 036961 |
| 905 ## - TIPO DE MATERIAL | |
| Tipo de material | Articulo |
No items available.
